000 00496nam a2200181Ia 4500
001 25202
005 20260414151134.0
008 260414t2023||||xx |||||||||||||| ||spa||
041 _aESP
082 _a346.4
_bC34D
100 _aCastillo Freyre, Mario,
_eAUT
245 0 _aDerechos reales :
_beoría general - bienes - propiedad - posesión - contratos - garantías
260 _c2023
300 _a447 páginas :
_c25 cm.
650 _aDER
654 _aCDE
942 _cLIB
_dJUS
_fJUS
_2ddc
_n
999 _c25202
_d25202